| 000 | 00786nam a2200253Ia 4500 | ||
|---|---|---|---|
| 003 | GCL | ||
| 005 | 20240530101950.0 | ||
| 008 | 140319s9999 xx 000 0 ara d | ||
| 040 |
_aGCL / _cGCL |
||
| 082 | 0 | 4 |
_a301.11 _bح ع |
| 100 | 1 | _aحسين عبدالحميد احمد رشوان | |
| 245 | 1 | 0 |
_a00000000000 / _cحسين عبدالحميد احمد رشوان |
| 260 |
_a[S.N] : _bالمكتب الجامعى الحديث ، _c1993 |
||
| 300 | _a433 ص | ||
| 650 | 0 | 4 | _aالمجتمع |
| 650 | 0 | 4 | _aفلسفة |
| 650 | 0 | 4 | _aالاجتماع |
| 650 | 0 | 4 | _aالعلاقات العامة |
| 650 | 0 | 4 | _aالاعلام |
| 650 | 0 | 4 | _aالتغير الاجتماعى |
| 650 | 0 | 4 | _aالراى العام |
| 650 | 0 | 4 | _aالاتصال - علم اجتماع |
| 942 |
_2ddc _cBK |
||
| 999 |
_c29057 _d29057 |
||